| 000 | 01197nam a22003377a 4500 | ||
|---|---|---|---|
| 003 | CHAP | ||
| 005 | 20220329134531.0 | ||
| 008 | 971013s1994 r 00010 d | ||
| 010 | _a21760 | ||
| 011 | _a22732 | ||
| 035 | _a26827 | ||
| 040 | _cCHAP | ||
| 090 | _aTesis | ||
| 100 | 0 | 0 |
_aCuéllar Valdés, Ramón. _930487 |
| 245 | _aAnálisis de riesgo de plagas en la importación de bulbos de ajo, con uso propagativo, procedentes de China a México | ||
| 260 |
_aChapingo, Méx. : _bEl autor, _c1994 |
||
| 300 |
_a70 h. _b: ilus. ; mapas |
||
| 502 | _aTesis (Ing. Agr. Esp. en Parasitología Agrícola) -- UACH. Departamento de Parasitología Agrícola | ||
| 590 |
_aALEPH _b10 _c20130110 _lUCH01 _h1246 |
||
| 590 |
_aBATCH-UPD _b10 _c20130110 _lUCH01 _h0153 |
||
| 590 |
_aBATCH-UPD _b10 _c20130110 _lUCH01 _h2139 |
||
| 590 |
_aBATCH-UPD _b10 _c20130410 _lUCH01 _h1447 |
||
| 590 |
_aBATCH-UPD _b10 _c20130914 _lUCH01 _h2131 |
||
| 590 |
_aCONVERSION _b10 _c20130109 _lUCH01 _h1313 |
||
| 650 | 1 | 4 |
_aAjo _xPlagas. _93206 |
| 650 | 1 | 4 |
_aAjo _xPropagacion. _93208 |
| 901 | _aBK | ||
| 942 | _cFOLL | ||
| 949 |
_bBC _cTES _d-61940 _eTS1 _h27242 _i26827 _si |
||
| 949 |
_bBC _cTES _d-61941 _eTS2 _fc.2 _h27243 _i26827 _si |
||
| 999 |
_c21760 _d21760 |
||